00458nam a22001337a 4500008004100000082001800041100002400059245008700083260002100170300000900191942001200200999001500212952009700227230612b xxu||||| |||| 00| 0 eng d a354.6200bGOK cGovernment of Kenya aPublic Accounts Committee on the Government of Kenya Accounts for the Year 1984/85 aKenyabGOKc1984 a168p 2ddccBK c1007d1007 00102ddc4070a001b001d2023-06-12l0o354.6200 GOKp10014894r2023-06-12w2023-06-12yBK